Harry Potter 7: The Battle of Hogwarts Quiz Stats

 Plays Quiz not verified by Sporcle

Score 0/50 Timer 06:00
0 Plays Today
Characters % Correct
Ron Weasley
98.1%
Harry Potter
97.7%
Fred Weasley (R.I.P.)
97.3%
George Weasley
96.9%
Ginny Weasley
95.4%
Arthur Weasley
95.2%
Percy Weasley
94.2%
Lord Voldemort
93.2%
Hermione Granger
92.9%
Severus Snape
90.2%
Minerva McGonagall
89.4%
Remus Lupin
89%
Draco Malfoy
89%
Nymphadora (Tonks) Lupin
88.8%
Neville Longbottom
88.6%
Albus Dumbledore
86.1%
Teddy Lupin
85.5%
Aberforth Dumbledore
84.6%
Filius Flitwick
84.2%
Gregory Goyle
81.7%
Vincent Crabbe (R.I.P.)
81.5%
Pomona Sprout
80.7%
Rubeus Hagrid
79.7%
Kingsley Shacklebolt
72.2%
Helena Ravenclaw
69.9%
Characters % Correct
Rowena Ravenclaw
67.6%
Colin Creevey
66.8%
Pansy Parkinson
66.6%
Argus Filch
65.6%
Augusta Longbottom
65.1%
Grawp
64.1%
Xenophilius Lovegood
63.9%
Nearly Headless Nick
63.5%
Alecto Carrow
61%
Poppy Pomfrey
58.9%
Ernie Macmillan
58.7%
Antonin Dolohov
57.1%
The Bloody Baron
54.4%
Godric Gryffindor
53.3%
Fang
53.3%
Mrs. Norris
50.6%
Helga Hufflepuff
50.6%
Hannah Abbott
50%
Pius Thicknesse
49.8%
Zacharias Smith
48.5%
Firenze
47.9%
Lee Jordan
44.8%
Dobby
44.6%
Sir Cadogan
29.9%
Jimmy Peakes
28.4%

You're not logged in!

Compare scores with friends on all Sporcle quizzes.
OR
Log In

Show Comments

Extras

Top Quizzes Today


Score Distribution

Your Account Isn't Verified!

In order to create a playlist on Sporcle, you need to verify the email address you used during registration. Go to your Sporcle Settings to finish the process.

Report this User

Report this user for behavior that violates our Community Guidelines.

Details: